000 00367nam a2200145Ia 4500
008 230312s9999||||xx |||||||||||||| ||und||
020 _a8131714691
082 _a004.7
_bKAM-F
100 _aFoley,D,James
245 0 _aComputer graphics : principles and practice
260 _bPearson
_aIndia
_c2007
300 _a624
650 _aComputer
_vNetworking
942 _cBK
999 _c17332
_d17332